000 00520nam a2200205Ia 4500
003 OSt
005 20240912143518.0
008 220927b |||||||| |||| 00| 0 eng d
024 _a15663
037 _cTextual
040 _aSDCL
_cSDCL
_beng
041 _2hin
_ahin
082 _aWxC7,1x L4
100 _aNaagar, Udhay Krishan
_9500685
245 0 _aKautalya Arthasasra :
260 _c1973.
300 _a267p.
942 _hWxC7,1x L4
_cREF
_2CC
999 _c818053
_d818053